| 000 | 00645nam a2200241Ia 4500 | ||
|---|---|---|---|
| 003 | OSt | ||
| 005 | 20221005092038.0 | ||
| 006 | a|||||r|||| 00| 0 | ||
| 007 | ta | ||
| 008 | 221004b |||||||| |||| 00| 0 eng d | ||
| 024 | _a122512 | ||
| 037 |
_bGift, 29/10/2012, _cTextual |
||
| 040 |
_aCRL _cCRL _beng |
||
| 041 |
_2eng _aeng |
||
| 082 | _aQ6, M8 | ||
| 100 |
_aPagels Elaine _9616835 |
||
| 245 | 0 | _aAdam, eve and the serpent | |
| 260 |
_aNew York _bRandom House USA _c1988 |
||
| 300 |
_axxix,190p. _ccm. |
||
| 650 | _aRELIGION | ||
| 942 |
_hQ6, M8 _cTEXL _2cc |
||
| 999 |
_c998240 _d998240 |
||